Nomes de redes sociais famosas - Statistics

Estatísticas Gerais
  • Esse quiz foi jogado 294 vezes
  • A pontuação média é 8 de 15
Estatísticas das Respostas
Hint Resposta % Correto
Created by: Mark Zuckerberg Facebook
100%
Created by: Kevin Systrom e Mike Krieger Instagram
97%
Created by: Jack Dorsey Twitter
89%
Created by: Brian Acton e Jan Koum Whatsapp
83%
Created by: ByteDance Tik Tok
77%
Created by: Evan Spiegel, Bobby Murphy e Reggie Brown Snapchat
68%
Created by: Jawed Karim, Steve Chen, Chad Hurley YouTube
67%
Created by: Discord Inc Discord
60%
Created by: Vic Gundotra, Bradley Horowitz Google+
43%
Created by: Ben Silbermann Pinterest
35%
Created by: Reid Hoffman, Konstantin Guericke, Allen Blue, Jean-Luc Vaillant, Eric Ly LinkedIn
31%
Created by: Janus Friis e Niklas Zennstrom Skype
18%
Created by: Facebook Inc Facebook Messenger
7%
Created by: Sina Corp Weibo
4%
Created by: Tencent Qzone
2%
Nenhum quiz correspondente encontrado
Distribuição das Pontuações
Porcentagem de Pessoas com Cada Pontuação
Percentil de Números Respondidos
Sua Pontuação Histórica
Você não jogou esse quiz